Existing birth and death registration systems in East and West Pakistan, 1964, (Record no. 74365)
[ view plain ]
| 000 -LEADER | |
|---|---|
| fixed length control field | 00801cam a22002651 4500 |
| 001 - CONTROL NUMBER | |
| control field | sa 67004293 |
| 003 - CONTROL NUMBER IDENTIFIER | |
| control field | DLC |
| 005 - DATE AND TIME OF LATEST TRANSACTION | |
| control field | 20260227112345.0 |
| 008 - FIXED-LENGTH DATA ELEMENTS--GENERAL INFORMATION | |
| fixed length control field | 870226s1966 pk b f000 0 eng |
| 010 ## - LIBRARY OF CONGRESS CONTROL NUMBER | |
| LC control number | sa 67004293 |
| 025 ## - OVERSEAS ACQUISITION NUMBER | |
| Overseas acquisition number | PL480:P-E-1144 |
| 035 ## - SYSTEM CONTROL NUMBER | |
| System control number | (OCoLC)15244711 |
| 040 ## - CATALOGING SOURCE | |
| Original cataloging agency | DLC |
| Transcribing agency | WaU |
| Modifying agency | DLC |
| 042 ## - AUTHENTICATION CODE | |
| Authentication code | premarc |
| 043 ## - GEOGRAPHIC AREA CODE | |
| Geographic area code | a-pk--- |
| 050 00 - LIBRARY OF CONGRESS CALL NUMBER | |
| Classification number | HA39.P3 |
| Item number | A5 1964 |
| 110 1# - MAIN ENTRY--CORPORATE NAME | |
| Corporate name or jurisdiction name as entry element | Pakistan. |
| Subordinate unit | Population Growth Estimation. |
| 245 10 - TITLE STATEMENT | |
| Title | Existing birth and death registration systems in East and West Pakistan, 1964, |
| Remainder of title | a summary report, |
| Statement of responsibility, etc. | by Elizabeth Gustafson. |
| 260 ## - PUBLICATION, DISTRIBUTION, ETC. | |
| Place of publication, distribution, etc. | [Karachi, |
| Date of publication, distribution, etc. | 1966?] |
| 300 ## - PHYSICAL DESCRIPTION | |
| Extent | 35 p. |
| Dimensions | 26 cm. |
| 500 ## - GENERAL NOTE | |
| General note | Cover title. |
| 504 ## - BIBLIOGRAPHY, ETC. NOTE | |
| Bibliography, etc. note | Bibliography: p. 29-31. |
| 650 #0 - SUBJECT ADDED ENTRY--TOPICAL TERM | |
| Topical term or geographic name entry element | Registers of births, etc. |
| Geographic subdivision | Pakistan. |
| 700 1# - ADDED ENTRY--PERSONAL NAME | |
| Personal name | Gustafson, Elizabeth. |
No items available.